000 00760nam a22001817a 4500
003 AM-YeHGA
005 20250617153735.0
008 180111s xxu||||| |||| 00| 0 rus d
040 _aAM-YeHGA
041 0 _arus
245 0 0 _aМоды :
_b[Альбом] /
_cРекламно-изд. фабрика Упр. гор. оформления и рекламы Мосгорисполкома.
260 _aМосква :
_bБ. и.,
_c1961.
300 _a33 с. :
_bил.
650 1 4 _aОдежда женская
_xМодели
_y1961 г.
710 2 _aМосгорисполком.
_bУправление городского оформления и рекламы.
_bРекламно-издательская фабрика
942 _2udc
_cBK
090 _c399157
999 _c397070
_d397070